Mumien, Sphingen und Uschebti : altagyptische Spurensuche im Deutschen Ostseeraum /
Main Author:
Format: Book
Language: German
Published:
Rahden :
Verlag Marie Leidord GmbH,
2017.
Series:
Ta-Mehu, Agyptologie in Norddeutschland ;
1.
Subjects:
Tags: Add Tag
Call Number: DT58.9 .G47 2017
| LEADER | 00913namaa2200253 4500 | ||
|---|---|---|---|
| 003 | OSt | ||
| 005 | 20260503122108.0 | ||
| 008 | 130303s2017 gw a b 000 0 ger d | ||
| 020 | |a 9783867570206 | ||
| 040 | |c ARCE Library | ||
| 050 | 4 | |a DT58.9 .G47 2017 | |
| 100 | 1 | |a Germer, Renate, |e author |9 30613 | |
| 245 | 1 | 0 | |a Mumien, Sphingen und Uschebti : |b altagyptische Spurensuche im Deutschen Ostseeraum / |c Renate Germer. |
| 264 | 1 | |a Rahden : |b Verlag Marie Leidord GmbH, |c 2017. | |
| 300 | |a 64 pages : |b 54 illustrations (chiefly color) ; |c 24 cm. | ||
| 490 | 1 | |a Ta-Mehu, Agyptologie in Norddeutschland ; |v 1. | |
| 504 | |a Includes bibliographical references. | ||
| 650 | 0 | |a Mummies |z Egypt. | |
| 650 | 0 | |a Art, Egyptian |x Collectors and collecting |z Germany, Northern. | |
| 651 | 0 | |a Egypt |x Antiquities. | |
| 830 | 0 | |a Ta-Mehu, Agyptologie in Norddeutschland ; |v 1. | |
| 901 | |a reviewed | ||
| 942 | |c BK |2 lcc | ||
| 999 | |c 8978 |d 8978 | ||
